HLADINA EXTRACELULÁRNEJ AMYLÁZY A CHLÓRTETRACYKLÍNU MUTANTA STREPTOMYCES AUREOFACIENS ZÍSKANÉHO PÔSOBENÍM AKTINOFÁGA P-25

Bibliographic Details
Main Authors: Polívka, Ľudovít (Author), Zelinka, Ján, 1922-2009 (Author)
Format: Article
Language:Slovak

MARC

LEADER 00000nab a2200000uu 4500
001 vtls011440965
003 SK-MaSNL
005 20260303123327.0
008 230213|1976 xo |||||||||||||||||slo|
015 |a SNBRB 
035 |a (urnnbn)urn:nbn:sk:snk:ar-002zo9 
035 |a (uuid)64fda95f-2186-4935-bd2f-653ff9006a34 
035 |a urn:nbn:sk:snk-abcfbg 
040 |a SNKBUCL  |b slo  |c SNKBUCL  |e AACR2 
041 0 |a slo 
044 |a xo  |c SK 
100 1 |a Polívka, Ľudovít  |4 aut  |9 6224 
245 1 0 |a HLADINA EXTRACELULÁRNEJ AMYLÁZY A CHLÓRTETRACYKLÍNU MUTANTA STREPTOMYCES AUREOFACIENS ZÍSKANÉHO PÔSOBENÍM AKTINOFÁGA P-25  |c Ľudovít Polívka, Ján Zelinka 
700 1 |a Zelinka, Ján,  |d 1922-2009  |4 aut  |9 198056 
773 0 |t Biológia : časopis Slovenskej akadémie vied  |g Roč. 31, č. 9 (1976), s. 731-733 
954 |a odborná, vedecká literatúra pôvodná (slovenská)  |2 lita 
958 |a OND 
958 |a EUIPO 
958 |a article16 
999 |c 1925257  |d 1927187